Statystyki dla ZKM Gdynia - S

Kliknij tutaj aby rozwiązać quiz!

Ogólne statystyki

  • Ten quiz został rozwiązany 4 razy
  • Średni wynik to 24 z 30

Statystyki odpowiedzi

MiastoPrzystanek% Poprawnych
Gdynia3 Maja
100%
Sopot3 Maja
100%
GdyniaArmii Krajowej
100%
GdyniaChylonia Centrum
100%
GdyniaJaskółcza
100%
GdyniaMireckiego
100%
GdyniaMorska - Estakada
100%
GdyniaPustki Cisowskie
100%
GdyniaRaduńska
100%
GdyniaWęzeł Żołnierzy Wyklętych
100%
GdyniaWiejska
100%
GdyniaWzgórze Św. Maksymiliana SKM
100%
SopotBernadowska
67%
GdyniaBławatna
67%
GdyniaCentrum Nauki Experyment
67%
GdyniaGdynia Dworzec Gł. PKP - Morska
67%
SopotGoyki
67%
SopotKamienny Potok SKM
67%
GdyniaKolibki
67%
SopotMalczewskiego
67%
GdyniaOrłowo SKM - "Klif"
67%
GdyniaOrłowo SKM - Orłowska
67%
GdyniaRedłowo SKM - Park Technologiczny
67%
SopotSopot PKP - Niepodległości
67%
SopotSopot Reja
67%
GdyniaStocznia SKM - Morska
67%
SopotWejherowska
67%
GdyniaWiklinowa
67%
GdyniaŻurawia
67%
SopotBohaterów Monte Cassino
33%

Rozkład punktacji

Percentyl według liczby udzielonych odpowiedzi

Procent ludzi z każdym wynikiem

Twoja historia wyników

Nie rozwiązałeś tego quizu